The cat who wanted to go home / (Record no. 568)

MARC details
000 -LEADER
fixed length control field 01325nam a2200253 i 4500
005 - DATE AND TIME OF LATEST TRANSACTION
control field 20230616141354.0
020 ## - INTERNATIONAL STANDARD BOOK NUMBER
International Standard Book Number 0416467008 :
Terms of availability £0.75
020 ## - INTERNATIONAL STANDARD BOOK NUMBER
International Standard Book Number 9781405271967
040 ## - CATALOGING SOURCE
Original cataloging agency DLC
Transcribing agency DLC
Modifying agency DLC
Language of cataloging eng
050 00 - LIBRARY OF CONGRESS CALL NUMBER
Classification number PZ10.3.T58
Item number Cat3
100 1# - MAIN ENTRY--PERSONAL NAME
Personal name Tomlinson, Jill.
245 14 - TITLE STATEMENT
Title The cat who wanted to go home /
Statement of responsibility, etc. Jill Tomlinson ; illustrated by Joanne Cole.
260 ## - PUBLICATION, DISTRIBUTION, ETC.
Place of publication, distribution, etc. London :
Name of publisher, distributor, etc. Egmont.
Date of publication, distribution, etc. 2014.
300 ## - PHYSICAL DESCRIPTION
Extent 79 pages. :
Other physical details illustrations ;
Dimensions 20 cm.
505 ## - FORMATTED CONTENTS NOTE
Formatted contents note O
520 ## - SUMMARY, ETC.
Summary, etc. One day, Suzy found a huge basket in a field. She climbed in, settled in the shade under a stool, and was soon fast asleep. When she woke up, the basket was in the sky! Suzy, the little French cat, has found herself in a hot-air balloon on its way to England! This is the start of Suzy's big adventure as she tries to make her way back home to France. In this beautifully illustrated picture book, Jill Tomlinson's heartwarming story has been carefully edited to retain all her gently humorous style, while Paul Howard's lovely pastel images perfectly capture the spirit of this absorbing tale.
521 ## - TARGET AUDIENCE NOTE
Target audience note 670 <br/>
Source Lexile
521 ## - TARGET AUDIENCE NOTE
Target audience note O <br/>
Source Raz-Plus
700 1# - ADDED ENTRY--PERSONAL NAME
Personal name Cole, Joanne,
Relator term illustrations
906 ## - LOCAL DATA ELEMENT F, LDF (RLIN)
a 7
b cbc
c orignew
d 2
e ncip
f 19
g y-gencatlg
942 ## - ADDED ENTRY ELEMENTS (KOHA)
Source of classification or shelving scheme Dewey Decimal Classification
Koha item type Books
Suppress in OPAC No
999 ## -
-- 568
-- 568
Holdings
Withdrawn status Lost status Source of classification or shelving scheme Damaged status Not for loan Collection Home library Current library Shelving location Date acquired Total Checkouts Full call number Barcode Date last seen Date last checked out Price effective from Koha item type
    Dewey Decimal Classification     Juvenile Fiction Footprints International School Library Network Toul Kork Campus Footprints International School Library Network Toul Kork Campus TK Primary Library Room(4th Floor), Bookcase 5&6, Shelves 33-56, Orange Books 06/16/2023 1 TOM Fic PZ10.3 FISTK05884 08/31/2023 08/24/2023 06/16/2023 Books